000 00383nam a2200145Ia 4500
008 230917s9999||||xx |||||||||||||| ||und||
040 _e218633
_aMAIN
041 _aEnglish
082 _a401.93 M118B
100 _aMacaro, Ernesto, ed.
245 0 _aBloomsbury companion to second language acquisition
260 _aLondon
_bBloomsbury
_c2013
300 _aix,357 p.
942 _cBK
999 _c178450
_d178450